000 00888cam a2200277 i 4500
001 4634275
003 ARRUPE
005 20140205141102.0
008 780705s1977 enk b 000 0 eng
010 _a 78314992
015 _aGB78-04725
020 _a0370300629
040 _aDLC
_cDLC
_dDLC
050 0 0 _aBL51
_b.E29
082 0 0 _a200/.1
100 1 _aEaton, Gai,
_d1921-2010.
_98012
245 1 0 _aKing of the castle :
_bchoice and responsibility in the modern world /
_c[by] Gai Eaton.
260 _aLondon :
_bBodley Head [for] the Imperial Iranian Academy of Philosophy,
_c1977.
300 _a219 p. ;
_c23 cm.
504 _aBibliography: p. 217-[219]
650 0 _aReligion
_xPhilosophy.
_98013
650 0 _aCivilization
_xPhilosophy.
_98014
650 0 _aPhilosophy and religion.
_98015
906 _a7
_bcbc
_corignew
_d3
_encip
_f19
_gy-gencatlg
942 _2lcc
_cMONOGRAPH
999 _c119954
_d119954